[Event "Mumbai Mayors Cup 1st"]
[Site "Mumbai"]
[Date "2008.05.19"]
[Round "11"]
[White "Anuprita, Patil"]
[Black "Jitesh, Shah"]
[Result "1-0"]
[WhiteElo "2062"]
[BlackElo "1905"]
[PlyCount "51"]
[EventDate "2008.05.11"]
[EventType "swiss"]
[EventRounds "11"]
[EventCountry "IND"]
[SourceTitle "CBM 124 Extra"]
[Source "ChessBase"]
[SourceDate "2008.07.03"]
[SourceVersion "1"]
[SourceVersionDate "2008.07.03"]
[SourceQuality "1"]

1. e4 d5 2. exd5 Nf6 3. d4 Nxd5 4. Nf3 Bg4 5. Be2 Nc6 6. c4 Nb6 7. d5 Nb8 8. Nc3 c6 9. Ne5 Bxe2 10. Qxe2 N6d7 11. dxc6 Nxc6 12. Nxc6 bxc6 13. 0-0 Nf6 14. Bg5 h6 15. Bxf6 gxf6 16. Ne4 Qd4 17. Rad1 Qe5 18. Rfe1 Rd8 19. Rxd8+ Kxd8 20. Qd3+ Kc7 21. Rd1 Bg7 22. Qd7+ Kb8 23. Rd3 Qxb2 24. Rb3+ Qxb3 25. axb3 Rc8 26. Nc5 1-0